| 000 | 01114nam a22003257a 4500 | ||
|---|---|---|---|
| 003 | CHAP | ||
| 005 | 20220329143539.0 | ||
| 008 | 100511s1988 es a r 00010 spa d | ||
| 010 | _a98363 | ||
| 011 | _a99335 | ||
| 020 | _a8474444349 (volumen II) | ||
| 035 | _a110021 | ||
| 040 | _cCHAP | ||
| 082 | 0 | 4 |
_a719.32 _bAt65 |
| 245 | 0 | 0 |
_aAtlas de lo extraordinario : _bprodigios de la naturaleza _c/editado por Juan María Martínez |
| 260 |
_aMadrid : _bDebate, _cc1988 |
||
| 300 |
_a240 p. : _bilus. |
||
| 500 | _aLa biblioteca tiene el volumen II | ||
| 534 |
_pTít. original : _tThe atlas of natural wonders. _c[s.l.] : Marshall Editions Limited, c1988 |
||
| 590 |
_aBATCH-UPD _b10 _c20130110 _lUCH01 _h1638 |
||
| 590 |
_aBATCH-UPD _b10 _c20130410 _lUCH01 _h1029 |
||
| 590 |
_aBATCH-UPD _b10 _c20130914 _lUCH01 _h1802 |
||
| 590 |
_aCONVERSION _b10 _c20130109 _lUCH01 _h1354 |
||
| 650 | 1 | 4 |
_aParques nacionales. _985696 |
| 650 | 1 | 4 |
_aReserva de la biosfera. _996101 |
| 700 | 1 |
_aMartínez, Juan María. _972685 |
|
| 901 | _aBK | ||
| 942 | _cLIBRO | ||
| 949 |
_a719.32 At65 _bBC _cC _d33724002173215 _eC _h112488 _i110021 _sb |
||
| 999 |
_c98363 _d98363 |
||